Sea Animals - Statistics

General Stats
  • This quiz has been taken 74 times
  • The average score is 11 of 13
Answer Stats
Hint Answer % Correct
Has big tusks and lives on land and water Walrus
94%
Is also called a stingray Manta Ray
92%
Biggest animal living Blue Whale
90%
Is the main character in jaws Shark
90%
Has a very funny face and is super slimy Blobfish
88%
Nemo is one of these Clownfish
86%
a slug is a variation of this Sea Snail
86%
Clownfish live alongside them Anenome
82%
Lives in a shell Hermit Crab
82%
Have blowholes but aren't a whale Dolphin
80%
Long and slimy Eel
80%
Has no brain or heart Jellyfish
76%
Has pinchers Crab
67%
No matching quizzes found
Score Distribution
Percent of People with Each Score
Percentile by Number Answered
Your Score History
You have not taken this quiz